| 000 | 00769nam a2200253 a 4500 | ||
|---|---|---|---|
| 001 | 15040 | ||
| 003 | CO-ViMGA | ||
| 008 | 141112s2004 ck r 000 u spa d | ||
| 020 | _a9586823512 | ||
| 040 |
_aCO-ViMGA _bspa _cCO-ViMGA |
||
| 082 | _a925.2 R348 | ||
| 100 | 1 |
_aRagules, Sergio de _95458 |
|
| 245 | 1 | 0 |
_aEl renovador involuntario : _bNicolas Copernico |
| 260 |
_aBogotá, _cColciencias, _cAlfaOmega, _c2002 |
||
| 300 | _a109.p. | ||
| 490 | _aViajeros del conocimiento | ||
| 590 |
_aForma de adquisición : Donación - - Precio : _10.000 |
||
| 650 | 1 | 4 | _aASTRONOMIA - HISTORIA |
| 650 | 1 | 4 |
_aASTRONOMOS _95460 |
| 650 | 1 | 4 |
_aCIENTIFICOS POLACOS _95461 |
| 650 | 1 | 4 |
_aCOPERNICO, NICOLAS _95462 |
| 650 | 1 | 4 |
_aPOLONIA - VIDA INTELECTUAL _95463 |
| 942 |
_2ddc _cBK |
||
| 999 |
_c10822 _d10822 |
||